| 000 | 01067nam a2200325 i 4500 | ||
|---|---|---|---|
| 001 | 200452888 | ||
| 999 |
_c200452888 _d71100 |
||
| 003 | TR-AnTOB | ||
| 005 | 20241010150112.0 | ||
| 007 | ta | ||
| 008 | 121105s2021 tu a b 00000 tur d | ||
| 020 | _a9786052089170 | ||
| 040 |
_aTR-AnTOB _beng _erda _cTR-AnTOB |
||
| 041 | 0 | _atur | |
| 050 | 1 | 4 |
_aDR603 _b.A553 2021 |
| 090 |
_aDR603 _b.A553 2021 |
||
| 245 | 0 | 0 |
_aAnkara'da bir meclis doğuyor : _bbelgeler, fotoğraflar / _c[yayına hazırlayan Orhan Özdil.] |
| 250 | _a2. baskı Şubat 2021 | ||
| 264 | 1 |
_aAnkara : _bTBMM, _c2021. |
|
| 300 |
_a100 pages : _billustrations, facsimiles ; _c30 cm |
||
| 336 |
_atext _btxt _2rdacontent |
||
| 337 |
_aunmediated _bn _2rdamedia |
||
| 338 |
_avolume _bnc _2rdacarrier |
||
| 500 | _a"TBMM'nin açılışının yüzüncü yılı" | ||
| 610 | 0 |
_aTürkiye. _bBüyük Millet Meclisi _xTarih _9105172 |
|
| 650 | 0 |
_aAnayasa tarihi _zTürkiye _915315 |
|
| 651 | 0 |
_aTürkiye _xSiyaset ve yönetim _xTarih _9122847 |
|
| 700 | 1 |
_aÖzdil, Orhan _eeditor _999931 |
|
| 942 |
_2lcc _cBK |
||